000 00537nam a2200181 i 4500
001 46176
003 ES-MaACL
005 20230906161335.0
007 t|
008 030328s1936 sp af |||| | spa d
080 _a903(467.52)
100 1 _aComas, Juan (
_d1900-1979)
_939937
245 1 0 _aAportaciones al estudio de la prehistoria de Menorca /
_cJuan Comas.
260 _aMadrid :
_b[s.n.,
_c1936] (
_fTip. Nacional)
300 _a46 p., XII lám. ;
_c24 cm.
651 4 _aMenorca-
_xHistoria.
_9137257
852 _aES-MaACL
_j1817-F-10
999 _c46176
_d46176